Logo BPK

Biblioteka

Politechniki Koszalińskiej

Elementy sterowania postępem technicznym w warunkach gospodarki rynkowej : (Rekord nr 30035)

Szczegóły MARC
000 -ETYKIETA REKORDU
podpole kontrolne o stałej długości 00682nam a2200193 i 4500
001 - NUMER KONTROLNY REKORDU
pole kontrolne bg
040 ## - ŹRÓDŁO KATALOGOWANIA
Instytucja, która utworzyła rekord BPK
041 ## - KOD JĘZYKA
Kod języka tekstu pol
080 ## - UNIWERSALNA KLASYFIKACJA DZIESIĘTNA - UKD
UKD 338.23:008::62
008 - POLE O STAŁEJ DŁUGOŚCI - DANE KONTROLNE
podpole kontrolne o stałej długości s pl f |000 0 pol
245 #0 - TYTUŁ/ODPOWIEDZIALNOŚĆ
Tytuł Elementy sterowania postępem technicznym w warunkach gospodarki rynkowej :
Ciąg dalszy tytułu [aut. Marian Gołębiowski et al.].
260 ## - STREFA ADRESU WYDAWNICZEGO
Miejsce wydania Szczecin :
Nazwa wydawcy/dystrybutora Wydaw. Naukowe US,
Data publikacji, dystrybucji/powstania dokumentu 1991.
300 ## - STREFA OPISU FIZYCZNEGO
Objętość 91, [1] s. ;
Rozmiary 24 cm.
490 1# - STREFA SERII I DOKUMENTU WIELOCZĘŚCIOWEGO - FORMA NIE DO WYSZUKIWANIA
Tytuł i oznaczenie odpowiedzialności serii Rozprawy i Studia / Uniwersytet Szczeciński,
ISSN 0860-2751 ;
Numeracja w obrębie serii t. 85
700 1# - HASŁO DODATKOWE - NAZWA OSOBOWA
Nazwa osobowa GOŁĘBIOWSKI, Marian.
Określenie związku między hasłem a opisywanym materiałem Red.
710 ## - HASŁO DODATKOWE - NAZWA CIAŁA ZBIOROWEGO
Nazwa ciała zbiorowego lub jednostki geograficznej UNIWERSYTET SZCZECIŃSKI (Szczecin)
830 #0 - HASŁO DODATKOWE SERII LUB DOKUMENTU WIELOCZĘŚCIOWEGO - TYTUŁ UJEDNOLICONY
Tytuł ujednolicony Rozprawy i Studia (Uniwersytet Szczeciński) ;
Oznaczenie tomu t. 85
856 ## - LOKALIZACJA I DOSTĘP DO ELEKTRONICZNYCH DOKUMENTÓW ZDALNYCH
Link (URL) http://koha.tu.koszalin.pl/cgi-bin/koha/opac-detail.pl?biblionumber=30035
Tekst linku Katalog online BPK
942 ## - DODATKOWE ELEMENTY (KOHA)
Typ dokumentu Książka
Egzemplarze
Wycofany Status egzemplarza Uszkodzony Dostępność Lokalizacja stała Lokalizacja bieżąca Miejsce przechowywania Sygnatura Kod kreskowy Typ dokumentu
      Dostępny Biblioteka Politechniki Koszalińskiej Biblioteka Politechniki Koszalińskiej Wypożyczalnia BG 36561 01593464 Książka
© 2023 Biblioteka Politechniki Koszalińskiej :: KOHA